Traduction Français/Anglais : II.3. Sport - Statistiques

Statistiques générales
  • Ce quiz a été pris 23 fois
  • Le résultat moyen est 12 sur 50
Statistiques - réponses
Hint Réponse % Correct
un défi, un challenge a challenge
100%
une finale a final
100%
un joueur a player
100%
accélérer to accelerate
100%
un jeu, une partie a game
89%
une médaille a medal
88%
gagner to win
83%
un perdant a loser
80%
professionnel professional
80%
un professionnel a professional
78%
un quart de finale a quarter-final
75%
un titre a title
75%
attraper to catch
71%
violent violent
71%
un stade a stadium
67%
un tournoi a tournament
67%
skier to ski
63%
une compétition a competition
57%
une défaite a defeat
57%
une demi-finale a semi-final
57%
un vainqueur a winner
57%
une coupe a cup
56%
un match nul a draw
50%
un maillot a jersey
50%
un match a match
50%
un record a record
50%
ennuyeux boring
50%
la force strength
50%
manquer to miss
50%
nager to swim
50%
imbattable unbeatable
50%
un adversaire an opponent
45%
courir to run
44%
une ligue a league
43%
injecter to inject
43%
marquer to score
43%
sprinter to sprint
43%
(s')entraîner to train
43%
(in)juste (un)fair
43%
athlétique athletic
40%
frapper, atteindre to hit
40%
faire du jogging to jog
40%
donner un coup de pied (dans) to kick
40%
une casquette, une sélection a cap
38%
viser to aim
38%
un championnat a championship
36%
une équipe a team / a side
33%
la foule, les spectateurs the crowd
33%
grimper to climb
33%
mener to lead
33%
lancer to throw
29%
un rival a rival
25%
un remplaçant a substitute
25%
l'endurance stamina
25%
perdre to lose
25%
s'échauffer to warm up
25%
se qualifier to qualify
22%
une piste a track
20%
un échauffement a warm-up
20%
rapide fast / quick
20%
battre to beat
20%
des chaussures de sport trainers
20%
un amateur an amateur
17%
un effort an effort
17%
un sportif a sportsman
17%
mettre KO to knock out
17%
un survêtement a tracksuit
14%
maîtriser to control
14%
faire du vélo to cycle
14%
un entraîneur a coach
13%
briser to smash
13%
victorieux victorious
11%
un sifflet a whistle
10%
musclé muscular
10%
agile agile
9%
administrer to administer
8%
un prétendant a challenger
0%
un paroxysme a climax
0%
un concurrent a contestant
0%
un terrain a field / a pitch
0%
une tribune a grandstand
0%
un tour (de piste) a lap
0%
une avance a lead
0%
amateur amateur
0%
une réussite, un exploit an achievement
0%
un arbitre a referee / a ref
0%
un abonnement a season ticket
0%
une épreuve de sélection a trial
0%
une victoire a win /a victory
0%
essoufflé breathless
0%
époustouflant breathtaking
0%
chauvin chauvinistic
0%
spectaculaire dramatic
0%
l'enthousiasme excitement
0%
passionnant exciting
0%
l'équité, le fair-play fairness / fair play
0%
la sportivité fair play / fairness
0%
en forme fit
0%
la forme fitness
0%
irrégulier, interdit foul
0%
des éliminatoires heats
0%
pris de panique panic-stricken
0%
l'entraînement practice/ training
0%
résistant resilient
0%
la rivalité rivalry
0%
brutal rough
0%
la tenue, l'équipement sportif sports gear
0%
souple supple
0%
les gradins the terraces
0%
le lieu (d'une rencontre) the venue
0%
interdire to ban
0%
rattraper to catch up with
0%
avertir, mettre en garde to caution
0%
défier to challenge
0%
contrôler to check
0%
disqualifier to disqualify
0%
plonger to dive
0%
faire match nul to draw
0%
apposer sa griffe à to endorse
0%
lancer (violemment) to hurl
0%
sauter to leap / to jump
0%
doubler to pass / to overtake
0%
s'entraîner to practise
0%
se classer to rank
0%
recruter to recruit
0%
abandonner to retire
0%
truquer to rig
0%
déchirer to rip up
0%
expulser to send off
0%
engager to sign (on)
0%
patiner to skate
0%
glisser to slide
0%
patronner to sponsor
0%
frapper to strike
0%
plaquer to tackle
0%
piétiner to trample
0%
(faire) trébucher to trip
0%
rude, viril tough
0%
démolir to wreck
0%
hurler to yell
0%
invaincu unbeaten
0%
méchant, brutal vicious
0%
Aucun quiz correspondant
Distribution des résultats
% des personnes avec chaque résultat
Percentile par nombre de réponses
Votre historique - résultats
Vous n’avez pas pris ce quiz